مكتبة جامعة عجلون الوطنية

فهرس بحث المكتبة

Normal view MARC view
  • Pantenius، Christian

Entry Personal Name

Number of records used in: 1

001 - CONTROL NUMBER

  • control field: 65027

003 - CONTROL NUMBER IDENTIFIER

  • control field: JO-AjAnu

005 - DATE AND TIME OF LATEST TRANSACTION

  • control field: 20231213094308.0

008 - FIXED-LENGTH DATA ELEMENTS

  • fixed length control field: 231213|| aca||aabn | a|a d

040 ## - CATALOGING SOURCE

  • Original cataloging agency: JO-AjAnu

100 ## - HEADING--PERSONAL NAME

  • Personal name: Pantenius، Christian